Family disruption and economic hardship : the short-run picture for children /

Bibliographic Details
Main Author: Bianchi, Suzanne M.
Corporate Author: United States. Bureau of the Census
Other Authors: McArthur, Edith
Format: Government Document Book
Language:English
Published: Washington, D.C. : U.S. Dept. of Commerce, Bureau of the Census : [1991]
Series:Current population reports. Household economic studies ; no. 23.
Subjects:

MARC

Tag First Indicator Second Indicator Subfields
LEADER 00000cam a2200000 a 4500
001 in00001018607
005 20150928092129.0
008 910305s1991 dcu bs f00010 eng d
010 |a (DG91074702  
020 |a 0160297850 :  |c $2.25 
035 |a (OCoLC)23187874 
035 |9 AFE7254AM 
037 |a 803-044-00011-2  |b GPO 
040 |d GPO  |d DLC  |d UtOrBLW 
074 |a 142-C-8 
086 0 |a C 3.186:P-70/2/no.23 
090 |a HA203  |b .A222 no.23 
100 1 |a Bianchi, Suzanne M. 
245 1 0 |a Family disruption and economic hardship :  |b the short-run picture for children /  |c by Suzanne Bianchi and Edith McArthur. 
264 1 |a Washington, D.C. :  |b U.S. Dept. of Commerce, Bureau of the Census :  |c [1991] 
264 2 |a Washington, D.C. :  |b For sale by Supt. of Docs., U.S. G.P.O., 
300 |a iv, 32 pages ;  |c 28 cm. 
336 |a text  |b txt  |2 rdacontent 
337 |a unmediated  |b n  |2 rdamedia 
338 |a volume  |b nc  |2 rdacarrier 
490 1 |a Current population reports. Series P-70, Household economic studies ;  |v no. 23 
500 |a "Survey of Income and Program Participation." 
500 |a Shipping list number 91-161-P. 
500 |a "Issued January 1991." 
504 |a Includes bibliographical references. 
650 0 |a Children  |z United States  |x Economic conditions  |x Statistics. 
650 0 |a Broken homes  |z United States  |x Economic aspects  |x Statistics. 
650 0 |a Income  |z United States  |v Statistics. 
700 1 |a McArthur, Edith. 
710 1 |a United States.  |b Bureau of the Census. 
830 0 |a Current population reports.  |n Series P-70,  |p Household economic studies ;  |v no. 23. 
999 |a MARS 
999 f f |s 7105d01c-08fd-3790-b55b-fe2f6fa9328d  |i b54ebcd8-78cd-36e8-ac2e-93e7d18b1dff  |t 0 
952 f f |p normal  |a Texas A&M University  |b College Station  |c Sterling C. Evans Library  |d Evans: US Documents (Annex 5th floor)  |t 0  |e C 3.186:P-70/2/no.23  |h Superintendent of Documents classification  |i unmediated -- volume  |m A14814594880 
998 f f |a C 3.186:P-70/2/no.23  |t 0  |l Evans: US Documents (Annex 5th floor)